| 000 | 00401nam a2200157Ia 4500 | ||
|---|---|---|---|
| 008 | 221229s9999 xx 000 0 und d | ||
| 020 | _a9789391818487 | ||
| 082 | _a671.37 ANG | ||
| 100 |
_aAngelo, P.C and et.al. _914433 |
||
| 245 | 0 | _aPowder metallurgy | |
| 250 | _a2nd | ||
| 260 |
_aNew Delhi _bPHI _c2023 |
||
| 300 |
_aXVI, 323p. _bRs.695.00 |
||
| 650 | _aProduction technology | ||
| 942 | _cCPL | ||
| 999 |
_c194363 _d194363 |
||